Изучение интерметаллических соединений галлия с медью и золота с кадмием методом амальгамной полярографии с накоплением; Известия Томского политехнического института [Известия ТПИ]; Т. 128

מידע ביבליוגרפי
Parent link:Известия Томского политехнического института [Известия ТПИ]/ Томский политехнический институт (ТПИ).— , 1944-1976
Т. 128.— 1964.— [С. 36-41]
מחבר ראשי: Захаров М. С.
מחברים אחרים: Степанова О. С., Апарина В. И.
סיכום:Заглавие с титульного листа
Электронная версия печатной публикации
שפה:רוסית
יצא לאור: 1964
נושאים:
גישה מקוונת:Черно-белая версия для предварительного просмотра
Цветная версия без потери качества
פורמט: MixedMaterials אלקטרוני Book Chapter
KOHA link:https://koha.lib.tpu.ru/cgi-bin/koha/opac-detail.pl?biblionumber=204340

MARC

LEADER 00000nla2a2200000 4500
001 204340
005 20231031190036.0
035 |a (RuTPU)RU\TPU\book\222740 
035 |a RU\TPU\book\222734 
090 |a 204340 
100 |a 20111122d1964 k y0rusy50 ca 
101 0 |a rus 
102 |a RU 
135 |a drnn ---uucaa 
181 0 |a i  
182 0 |a b 
200 1 |a Изучение интерметаллических соединений галлия с медью и золота с кадмием методом амальгамной полярографии с накоплением  |b Электронный ресурс  |f М. С. Захаров, О. С. Степанова, В. И. Апарина 
203 |a Текст  |c электронный 
215 |a 2 файла (211 Кб, 8.1 Мб) 
230 |a Электронные текстовые данные (2 файла : 211 Кб, 8.1 Мб) 
300 |a Заглавие с титульного листа 
300 |a Электронная версия печатной публикации 
320 |a [Библиогр.: с. 41 (8 назв.)] 
337 |a Adobe Reader 
461 1 |0 (RuTPU)RU\TPU\book\200995  |t Известия Томского политехнического института [Известия ТПИ]  |f Томский политехнический институт (ТПИ)  |d 1944-1976 
463 1 |0 (RuTPU)RU\TPU\book\222716  |t Т. 128  |v [С. 36-41]  |d 1964  |p 172 с. 
610 1 |a электронный ресурс 
610 1 |a труды учёных ТПУ 
700 1 |a Захаров  |b М. С. 
701 1 |a Степанова  |b О. С. 
701 1 |a Апарина  |b В. И. 
801 1 |a RU  |b 63413507  |c 20090320  |g PSBO 
801 2 |a RU  |b 63413507  |c 20120126  |g PSBO 
856 4 |u http://www.lib.tpu.ru/fulltext/v/Bulletin_TPU/1965/v128/07_bw.pdf  |z Черно-белая версия для предварительного просмотра 
856 4 |u http://www.lib.tpu.ru/fulltext/v/Bulletin_TPU/1965/v128/07_full.pdf  |z Цветная версия без потери качества 
942 |c CF